[Event "20th Bosna it"]
[Site "Sarajevo YUG"]
[Date "1981.04.02"]
[Round "14"]
[White "Martinovic, Slobodan"]
[Black "Lukacs, Peter"]
[Result "1-0"]
[WhiteElo "2475"]
[BlackElo "2465"]
[EventDate "1981.03.18"]
[PlyCount "93"]

1.c4 e5 2.e3 Nf6 3.Nc3 Bb4 4.Nge2 O-O 5.a3 Be7 6.d4 exd4 7.Qxd4 Nc6 8.Qd1 
Re8 9.Nf4 Bf8 10.Be2 g6 11.b3 Bg7 12.Bb2 d6 13.O-O Ne4 14.Rc1 a5 15.Ba1 
Nc5 16.Ncd5 Ne5 17.b4 Ncd7 18.Qb3 c6 19.Nc3 Nf6 20.Rcd1 g5 21.Nd3 Nxc4 22.
Qxc4 Be6 23.Qd4 Nh5 24.Bxh5 Bxd4 25.exd4 axb4 26.axb4 g4 27.d5 cxd5 28.Nf4
Rxa1 29.Rxa1 d4 30.Ne4 Kg7 31.Rfe1 d3 32.Nxe6+ Rxe6 33.Bxg4 Re5 34.Bf3 Qb6
35.Ng3 Qxb4 36.Red1 d2 37.Kf1 b5 38.Ne2 d5 39.Ra2 Qh4 40.h3 Rf5 41.Raxd2 
Rxf3 42.gxf3 Qxh3+ 43.Kg1 Qxf3 44.Ng3 f5 45.Rd4 f4 46.R1d3 Qg4 47.Rxf4 1-0

[Event "20th Bosna it"]
[Site "Sarajevo YUG"]
[Date "1981.04.04"]
[Round "15"]
[White "Drasko, Milan"]
[Black "Kurajica, Bojan"]
[Result "1/2-1/2"]
[WhiteElo "2240"]
[BlackElo "2495"]
[EventDate "1981.03.18"]
[PlyCount "22"]

1.d4 d5 2.c4 e6 3.Nf3 Nf6 4.Nc3 Be7 5.Bg5 h6 6.Bh4 O-O 7.e3 b6 8.cxd5 Nxd5
9.Bxe7 Qxe7 10.Nxd5 exd5 11.Rc1 Be6 1/2-1/2

[Event "20th Bosna it"]
[Site "Sarajevo YUG"]
[Date "1981.04.04"]
[Round "15"]
[White "Dizdarevic, Emir"]
[Black "Martinovic, Slobodan"]
[Result "1/2-1/2"]
[WhiteElo "2340"]
[BlackElo "2475"]
[EventDate "1981.03.18"]
[PlyCount "22"]

1.c4 Nf6 2.Nf3 c6 3.d4 d5 4.cxd5 cxd5 5.Nc3 Nc6 6.Bf4 Bf5 7.e3 e6 8.Bb5 
Nd7 9.Rc1 Rc8 10.O-O Be7 11.a3 O-O 1/2-1/2

[Event "20th Bosna it"]
[Site "Sarajevo YUG"]
[Date "1981.04.04"]
[Round "15"]
[White "Klaric, Zlatko"]
[Black "Knezevic, Milorad"]
[Result "1/2-1/2"]
[WhiteElo "2465"]
[BlackElo "2500"]
[EventDate "1981.03.18"]
[PlyCount "21"]

1.e4 e5 2.Nf3 Nf6 3.Nxe5 d6 4.Nf3 Nxe4 5.d4 Be7 6.Bd3 Nf6 7.h3 O-O 8.O-O 
Re8 9.Bf4 Bf8 10.Nbd2 c6 11.c3 1/2-1/2

[Event "20th Bosna it"]
[Site "Sarajevo YUG"]
[Date "1981.04.04"]
[Round "15"]
[White "Lukacs, Peter"]
[Black "Csom, Istvan"]
[Result "1/2-1/2"]
[WhiteElo "2465"]
[BlackElo "2500"]
[EventDate "1981.03.18"]
[PlyCount "24"]

1.c4 c5 2.Nf3 Nc6 3.g3 g6 4.Bg2 Bg7 5.O-O e6 6.Nc3 Nge7 7.e3 O-O 8.d4 cxd4
9.Nxd4 d5 10.cxd5 Nxd4 11.exd4 Nxd5 12.Nxd5 exd5 1/2-1/2